Szczegóły MARC21

Meditations /

003 -Nazwa inst., której nr kontr. jest w polu 001 [,]
    • @
    • Nazwa instytucji, której n kontrolny jest w polu 001
    • NUKAT
005 -DATA I CZAS OSTATNIEJ MODYFIKACJI [,]
    • @
    • pole kontrolne
    • 20241231111032.0
020 -Międzynarod. znormalizowany nr książki - ISBN [ , ]
    • a
    • Numer ISBN
    • 1857150554 Find
040 -Instytucja sporządzająca opis [ , ]
    • a
    • Instytucja, która sporządziła opis (NP)
    • KIEL 010/TC
    • c
    • Instytucja, która sporządziła rekord (NP)
    • KIEL 010/TC
    • d
    • Instytucja, która zmodyfikowała rekord (P)
    • KIEL 010/TC
    • d
    • Instytucja, która zmodyfikowała rekord (P)
    • KIEL 010/HLs
    • d
    • Instytucja, która zmodyfikowała rekord (P)
    • POZN U/AC
041 -Język dokumentu [1, ]
    • a
    • Język tekstu (P)
    • angielski
    • h
    • Język tekstu oryginalnego i/lub pośredniego (P)
    • grecki, starożytny (do 1453)
942 -Rodzaj dokumentu [ , ]
    • c
    • Rodzaj dokumentu
    • Książka
100 -Hasło główne - nazwa osobowa [0, ]
    • a
    • Nazwa osobowa (NP)
    • Marek Aureliusz
    • c
    • Dopowiedzenie inne niż daty biograficzne (P)
    • (cesarz rzymski ;
    • d
    • Daty biograficzne (NP)
    • 121-180).
    • 9
    • KHW
    • 243554
240 -Tytuł ujednolicony [1,0]
    • a
    • Tytuł ujednolicony
    • Ta eis heauton
    • l
    • Język tekstu
    • (ang.)
    • 9
    • KHW
    • 638695
245 -Strefa tytułu i oznaczenia odpowiedzialności [1,0]
    • a
    • Tytuł
    • Meditations / Find
    • c
    • Pozostałe elementy strefy tytułu i oznaczenia odpowiedzialności (NP)
    • Marcus Aurelius ; transl. and ed. by A. S. L. Farquharson with an introd. by D. A. Rees.
260 -Strefa adresu wydawniczego [ , ]
    • a
    • Miejsce wydania (P)
    • London :
    • b
    • Nazwa wydawcy (P)
    • David Campbell Publishers,
    • c
    • Data wydania (P)
    • cop. 1992.
300 -Strefa opisu fizycznego [ , ]
    • a
    • Określenie formy książki i/lub objętość (NP)
    • XXI, [1], 250 s. ;
    • c
    • Format (NP)
    • 21 cm.
336 -Typ zawartości [ , ]
    • a
    • Termin opisujący typ zawartości
    • Tekst
    • b
    • Kod określający zawartość
    • txt
    • 2
    • Źródło (terminu i kodu)
    • rdacontent
337 -Typ mediów [ , ]
    • a
    • Tryb odtwarzania
    • Bez urządzenia pośredniczącego
    • b
    • Kod typu mediów
    • n
    • 2
    • Źródło (terminu i kodu)
    • rdamedia
338 -Typ/rodzaj nośnika [ , ]
    • a
    • Hasło opisujące typ nośnika
    • Wolumin
    • b
    • Kod typu nośnika
    • nc
    • 2
    • Źródło (terminu i kodu)
    • rdacarrier
490 -Strefa serii i książki wielotomowej - forma nie do wyszukiwania [1, ]
    • a
    • Tytuł (P)
    • Everyman's Library ; Find
    • v
    • Numeracja (P)
    • 212
830 -Hasło dodatkowe serii i opisu książki wielotomowej - tytuł ujednolicony/tytuł [ ,0]
    • a
    • Tytuł ujednolicony/tytuł (NP)
    • Everyman's Library (Londyn ; 1991)
    • v
    • Oznaczenie tomu (NP)
    • 212
    • 9
    • KHW
    • 436317
500 -Uwaga ogólna [ , ]
    • a
    • Uwaga ogólna (NP)
    • Na obwolucie: "The Millennium Library".
080 -Uniwersalna Klasyfikacja Dziesiętna [ , ]
    • a
    • Symbol klasyfikacji
    • 871-96=20
600 -Hasło przedmiotowe w formie nazwy osobowej [0,7]
    • a
    • Nazwa osobowa
    • Marek Aureliusz
    • c
    • Dopowiedzenie
    • (cesarz rzymski ;
    • d
    • Daty związane z nazwą
    • 121-180)
    • x
    • Określnik rzeczowy
    • krytyka i interpretacja.
    • 2
    • Źródło terminu
    • kaba
    • 9
    • KHW
    • 581249
650 -Hasło przedmiotowe [ ,7]
    • a
    • Hasło przedmiotowe
    • Etyka
    • v
    • Określnik formalny
    • dzieła przed 1800.
    • 2
    • Źródło terminu
    • kaba
    • 9
    • KHW
    • 366009
650 -Hasło przedmiotowe [ ,7]
    • a
    • Hasło przedmiotowe
    • Stoicy
    • v
    • Określnik formalny
    • dzieła przed 1800.
    • 2
    • Źródło terminu
    • kaba
    • 9
    • KHW
    • 466998
980 -Symbol UKD [ , ]
    • a
    • UKD
    • 871-96=20
700 -Hasło dodatkowe - nazwa osobowa [1, ]
    • a
    • Nazwa osobowa (NP)
    • Farquharson, Arthur Spenser Loat Find
    • d
    • Daty biograficzne (NP)
    • (1871-1942).
    • e
    • Określenie rodzaju współpracy
    • Tł.
    • 9
    • KHW
    • 649812
700 -Hasło dodatkowe - nazwa osobowa [1, ]
    • a
    • Nazwa osobowa (NP)
    • Rees, David Arthur. Find
    • e
    • Określenie rodzaju współpracy
    • Wstęp
    • 9
    • KHW
    • 649835
920 -ISBN [ , ]
    • a
    • ISBN
    • 1-85715-055-4 Find
Numer inwentarzowy Status udost. Lokalizacja Data inwentaryzacji Sygnatura
A.66961BM2002-10-10ANG. Filozofia 06